000
00202nam a22000857a 4500
001
1241791
005
20251013130746.0
245
_a
BİNBİR GECE MASALLARI
_c
NEFİSE ATÇAKALAR
260
_b
TİMAŞ YAYINLARI
999
_c
1241791
_d
1241791